LEADER 03545nam 22006614a 450 001 9910455862603321 005 20200520144314.0 010 $a1-282-76024-6 010 $a9786612760242 010 $a981-279-345-3 035 $a(CKB)2490000000001798 035 $a(EBL)731249 035 $a(OCoLC)670430071 035 $a(SSID)ssj0000413761 035 $a(PQKBManifestationID)11319716 035 $a(PQKBTitleCode)TC0000413761 035 $a(PQKBWorkID)10384993 035 $a(PQKB)10561732 035 $a(MiAaPQ)EBC731249 035 $a(WSP)00006762 035 $a(Au-PeEL)EBL731249 035 $a(CaPaEBR)ebr10422162 035 $a(CaONFJC)MIL276024 035 $a(EXLCZ)992490000000001798 100 $a20100909d2010 uy 0 101 0 $aeng 135 $aurcn||||||||| 181 $ctxt 182 $cc 183 $acr 200 10$aChallenges of economic development in the Middle East and North Africa region$b[electronic resource] /$fJulia C. Devlin 210 $aSingapore ;$aHackensack, NJ $cWorld Scientific$dc2010 215 $a1 online resource (568 p.) 225 1 $aWorld Scientific studies in international economics ;$v8 300 $aDescription based upon print version of record. 311 $a981-279-344-5 320 $aIncludes bibliographical references and indexes. 327 $aIs MENA exceptional? -- State formation, consolidation, and development, 1960s-1980s -- Toward greater use of markets and the global economy? -- Oil, OPEC, and the challenges of surplus management -- Water scarcity and agricultural policy in the MENA region -- Building a new future : development in the post-conflict context and post-disaster recovery -- Is the MENA region "open" for business? -- Making global integration work for MENA countries -- Are market disciplines sufficient? : industrial policy and technology transfer -- The keys to the future : human capital developments in the MENA region -- Are MENA's labor markets the key to growth? -- Closing the poverty gap in MENA -- Development assistance and its effectiveness in MENA countries -- Pathways to ensure prosperity. 330 $aThis important book surveys major economic issues in the development of countries in the Middle East and North Africa (MENA) region since World War II. It reviews the key challenges facing the region in moving towards greater market orientation and integration with the global economy. It also incorporates a discussion of tools and methods used by development practitioners and briefly examines issues of aid effectiveness. Topics covered include patterns of growth, economic reform strategies, the role of OPEC and oil in development, water scarcity and agricultural policies, population, education 410 0$aWorld Scientific studies in international economics ;$vv. 8. 606 $aEconomic development$zMiddle East 606 $aEconomic development$zAfrica, North 607 $aMiddle East$xEconomic conditions$y1945- 607 $aMiddle East$xEconomic policy 607 $aAfrica, North$xEconomic conditions 607 $aAfrica, North$xEconomic policy 608 $aElectronic books. 615 0$aEconomic development 615 0$aEconomic development 676 $a338.956 700 $aDevlin$b Julia$f1966-$0910548 801 0$bMiAaPQ 801 1$bMiAaPQ 801 2$bMiAaPQ 906 $aBOOK 912 $a9910455862603321 996 $aChallenges of economic development in the Middle East and North Africa region$92037893 997 $aUNINA LEADER 02025nam 2200493 450 001 9910137675103321 005 20221010223022.0 010 $a953-51-4412-X 035 $a(CKB)3230000000077108 035 $a(NjHacI)993230000000077108 035 $a(oapen)https://directory.doabooks.org/handle/20.500.12854/60877 035 $a(MiAaPQ)EBC30390307 035 $a(Au-PeEL)EBL30390307 035 $a(EXLCZ)993230000000077108 100 $a20221010d2011 uy 0 101 0 $aeng 135 $aur||||||||||| 181 $ctxt$2rdacontent 182 $cc$2rdamedia 183 $acr$2rdacarrier 200 00$aThermodynamics $eInteraction Studies - Solids, Liquids and Gases /$fedited by Juan Carlos Moreno-Piraja?n 205 $a1st ed. 210 $cIntechOpen$d2011 210 1$aCroatia :$cIntechOpen,$d2011. 215 $a1 online resource (918 pages) 311 $a953-307-563-5 330 $aThermodynamics is one of the most exciting branches of physical chemistry which has greatly contributed to the modern science. Being concentrated on a wide range of applications of thermodynamics, this book gathers a series of contributions by the finest scientists in the world, gathered in an orderly manner. It can be used in post-graduate courses for students and as a reference book, as it is written in a language pleasing to the reader. It can also serve as a reference material for researchers to whom the thermodynamics is one of the area of interest. 517 $aThermodynamics 606 $aThermodynamics 610 $aEngineering 610 $aPhysical Sciences 610 $aEngineering and Technology 610 $aThermal Engineering 610 $aChemical Engineering 615 0$aThermodynamics. 676 $a536.7 700 $aJuan Carlos Moreno-Pirajan$4auth$01366887 702 $aMoreno-Piraja?n$b Juan Carlos 801 0$bNjHacI 801 1$bNjHacl 906 $aBOOK 912 $a9910137675103321 996 $aThermodynamics$93389407 997 $aUNINA